| 000 | 00577nam a2200193Ia 4500 | ||
|---|---|---|---|
| 003 | LDD | ||
| 008 | 181029s9999 xx 000 0 und d | ||
| 020 |
_a9780415979115 _cP 90.00 |
||
| 040 | _cLDD | ||
| 100 | _aMadibbo, Amal I. | ||
| 245 | 0 |
_aMinority within a minority _bblack frencophone immigrants and the dynamic of power _cAmal I. Madibbo |
|
| 260 |
_aNew York _bRoutledge _c2006 |
||
| 300 | _axi,241p. | ||
| 365 | _bP 90.00 | ||
| 901 |
_a7965 _b14-11-2011 |
||
| 902 |
_aIN22270 _b22-11-2011 _cF _dSB _e31 |
||
| 903 |
_aDiscount-15 _bReqst by : G. Pradhan |
||
| 942 |
_2ddc _cBK |
||
| 999 |
_c99477 _d99477 |
||